Представление документа в формате MARC21

Поле Инд. ПП Название Значение
Тип записи a
Библиографический уровень m
001 Контрольный номер e4f59bea-cca9-4370-bf3b-97d09ac796a1
005 Дата корректировки 20140226232810.9
008 Кодируемые данные 011126
020 a ISBN 5-9221-0055-6
c Цена, тираж 23.00
a ISBN 5-9221-0053-X
040 a Служба первич. каталог. НБ ТвГУ
041 a Код языка текста rus
080 a Индекс УДК 530.1(075.8)
a Индекс УДК 531(075.8)
084 a Индекс другой классификации/Индекс ББК В31я731-1
a Индекс другой классификации/Индекс ББК В2я731-1
090 x Авторский знак Л22
a Полочн. индекс В31
100 1_ a Автор Ландау Лев Давидович
245 10 a Заглавие Теоретическая физика
n Номер части/ раздела Т. 1
p Название части/ раздела Механика
b Продолж. заглавия Учеб. пособие для студентов физ. специальностей вузов : В 10 т.
c Ответственность Л. Д. Ландау и Е. М. Лифшиц; Под ред. Л. П. Питаевского
250 a Основные сведения об издании 5-е изд., стер.
260 0_ a Место издания Москва
b Издательство ФИЗМАТЛИТ
c Дата издания 2001
300 a Объем 222 с.
b Иллюстрации/ тип воспроизводства ил.
440 a Серия Теоретическая физика : В 10 т.
490 _0 v N тома Т. 1
504 a Библиография Предм. указ.: с.221-222.
583 a Действие Получение впервые 653 26.11.2001
k Исполнитель действия Дар РГГУ
650 a Основная рубрика Физика теоретическая
x Основная подрубрика Учебники для вузов
650 a Основная рубрика Механика
653 a Ключевые слова Теоретическая физика
a Ключевые слова Физика
a Ключевые слова Механика
700 1_ a Другие авторы Лифшиц Евгений Михайлович
e Роль лиц авт.
700 1_ a Другие авторы Питаевский Л. П.
e Роль лиц ред.
852 t Порядковый номер экземпляра 2
p Инвентарный номер 738867
p Инвентарный номер 738868
888 a Бесплатные
930 a Новая/Ретро учебники
952 p 653.2001 23.00 1 738867
p 653.2001 23.00 1 738868
c Вид литературы К ру
954 a Дата поступления на обработку 20011228
999 a Подразделение 2 Фил3